Data engineering : (Record no. 35470)

MARC details
000 -LEADER
fixed length control field 00519nam a22001697a 4500
005 - DATE AND TIME OF LATEST TRANSACTION
control field 20240326120933.0
008 - FIXED-LENGTH DATA ELEMENTS--GENERAL INFORMATION
fixed length control field 240326b |||||||| |||| 00| 0 eng d
020 ## - INTERNATIONAL STANDARD BOOK NUMBER
ISBN 9780471416562
082 ## - DEWEY DECIMAL CLASSIFICATION NUMBER
Classification number 005.74
Item number WOL-D
100 ## - MAIN ENTRY--AUTHOR
Author Name Wolkenhauer, Olf
245 ## - TITLE STATEMENT
Title Data engineering :
Remainder of title Fuzzy mathematics in systems theory and data analysis /
Statement of responsibility, etc. Olf Wolkenhauer
260 ## - PUBLICATION, DISTRIBUTION, ETC.
Place of Publication USA:
Name of publisher, distributor, etc. WILEY&SONS;
Date of publication, distribution, etc. 2001.
300 ## - PHYSICAL DESCRIPTION
Pages XXXII,263 P. :
500 ## - GENERAL NOTE
General note include index.
650 ## - SUBJECT ADDED ENTRY--TOPICAL TERM
Subject / Department computer science/Database
300 ## - PHYSICAL DESCRIPTION
-- ill;
-- 23 cm.
952 ## - LOCATION AND ITEM INFORMATION (KOHA)
-- 0
-- 0
Holdings
Lost status Damaged status Collection code Permanent Location Current Location Shelving Location Date acquired Full Call Number Accession No./Barcode Date last seen item type Koha item type
    CS/IT Superior Information Resource Center (SIRC) Superior University- Gold Campus Superior Information Resource Center (SIRC) Superior University- Gold Campus Programming 03/26/2024 005.74 WOL-D 2001 18396 03/26/2024 BOOK BOOK

Powered by Koha